Gagnant de la coupe de France (2023-2010) - Statistiques

Statistiques générales
  • Ce quiz a été pris 230 fois
  • Le résultat moyen est 13 sur 14
Statistiques - réponses
indices réponse % Correct
2021 Paris Saint-Germain
98%
2020 Paris Saint-Germain
98%
2018 Paris Saint-Germain
98%
2017 Paris Saint-Germain
98%
2016 Paris Saint-Germain
98%
2015 Paris Saint-Germain
98%
2010 Paris Saint-Germain
98%
2012 Olympique Lyonnais
96%
2022 FC Nantes
90%
2023 Toulouse FC
90%
2011 Lille OSC
84%
2019 Stade Rennais
84%
2013 Girondins de Bordeaux
70%
2014 EA Guingamp
46%
Aucun quiz correspondant
Distribution des résultats
% des personnes avec chaque résultat
Percentile par nombre de réponses
Votre historique - résultats
Vous n’avez pas pris ce quiz